[Event "HUN-ch U8-U18 2019"]
[Site "Balatonlelle"]
[Date "2019.06.26"]
[Round "7.14"]
[White "Petervari, Szabolcs"]
[Black "Bilku, Andras"]
[Result "1/2-1/2"]
[WhiteElo "1816"]
[BlackElo "1907"]
[Annotator "NA RC"]
[PlyCount "131"]
[EventDate "2019.06.21"]
[EventType "swiss"]
[EventCountry "HUN"]
[SourceTitle "playchess.com"]
[Source "ChessBase"]
[SourceQuality "1"]
[TimeControl "40/5400+30:1800+30"]

1. b3 {[%emt 0:00:02]} d5 {[%emt 0:00:03]} 2. Bb2 {[%emt 0:00:06]} Bg4 {[%emt 0:00:03]} 3. Nf3 {[%emt 0:00:18]} Nd7 {[%emt 0:00:17]} 4. e3 {[%emt 0:00:09]} e6 {[%emt 0:00:18]} 5. Be2 {[%emt 0:00:09]} Ngf6 {[%emt 0:00:05]} 6. d4 {[%emt 0:00:18]} Bd6 {[%emt 0:00:23]} 7. c4 {[%emt 0:00:34]} c6 {[%emt 0:00:05]} 8. O-O {[%emt 0:00:41]} O-O {[%emt 0:00:04]} 9. Ne5 {[%emt 0:02:13]} Bxe2 {[%emt 0:01:54]} 10. Qxe2 {[%emt 0:00:02]} Qc7 {[%emt 0:00:20]} 11. f4 {[%emt 0:00:53]} Ne4 {[%emt 0:00:15]} 12. Nd2 {[%emt 0:08:12]} Nxd2 {[%emt 0:01:21]} 13. Qxd2 {[%emt 0:00:17]} Nf6 {[%emt 0:00:08]} 14. Rf3 {[%emt 0:04:23]} Ne4 {[%emt 0:00:20]} 15. Qe2 {[%emt 0:00:25]} Bxe5 {[%emt 0:03:16]} 16. fxe5 {[%emt 0:00:02]} f5 {[%emt 0:00:50]} 17. Rh3 {[%emt 0:13:57]} g6 {[%emt 0:00:17]} 18. Ba3 {[%emt 0:12:31]} Rf7 {[%emt 0:00:06]} 19. Bb4 {[%emt 0:01:01]} Qb6 {[%emt 0:00:44]} 20. Be1 {[%emt 0:04:33]} Raf8 {[%emt 0:00:31]} 21. c5 {[%emt 0:06:05]} Qd8 {[%emt 0:00:59]} 22. Rf3 {[%emt 0:03:47]} Qg5 {[%emt 0:00:34]} 23. Bd2 {[%emt 0:03:50]} Qh5 {[%emt 0:00:21]} 24. Qd3 {[%emt 0:02:34]} g5 {[%emt 0:00:50]} 25. Raf1 {[%emt 0:00:50]} g4 {[%emt 0:05:06]} 26. Rf4 {[%emt 0:00:08]} g3 {[%emt 0:02:12]} 27. h3 {[%emt 0:10:13]} Nf2 {[%emt 0:01:13]} 28. R4xf2 {[%emt 0:00:01]} gxf2+ {[%emt 0:00:08]} 29. Rxf2 {[%emt 0:00:02]} Rg7 {[%emt 0:00:09]} 30. Kh1 {[%emt 0:01:08]} Rff7 {[%emt 0:00:29]} 31. Qf1 {[%emt 0:00:59]} Rg3 {[%emt 0:00:21]} 32. Re2 {[%emt 0:01:26]} Rfg7 {[%emt 0:00:35]} 33. Be1 {[%emt 0:01:45]} R3g6 {[%emt 0:00:08]} 34. b4 {[%emt 0:00:39]} a6 {[%emt 0:01:03]} 35. a4 {[%emt 0:01:32]} Qg5 {[%emt 0:01:04]} 36. a5 {[%emt 0:01:26]} Rf7 {[%emt 0:00:13]} 37. Qf4 {[%emt 0:02:55]} Qh5 {[%emt 0:00:42]} 38. Rd2 {[%emt 0:02:09]} Rfg7 {[%emt 0:00:20]} 39. Qf1 {[%emt 0:01:34]} Rf7 {[%emt 0:02:02]} 40. Qf4 {[%emt 0:00:00]} Rg4 {[%emt 0:00:00]} 41. Qf3 {[%emt 0:00:35]} Qh6 {[%emt 0:04:56]} 42. Bg3 {[%emt 0:06:41]} Rfg7 {[%emt 0:02:23]} 43. Bf4 {[%emt 0:00:27]} Qh4 {[%emt 0:01:08]} 44. Rf2 {[%emt 0:00:55]} R4g6 {[%emt 0:07:21]} 45. Kh2 {[%emt 0:02:20]} Qe7 {[%emt 0:02:06]} 46. Qe2 {[%emt 0:00:30]} Kh8 {[%emt 0:02:42]} 47. Qe1 {[%emt 0:01:35]} Qh4 {[%emt 0:00:19]} 48. Qe2 {[%emt 0:00:34]} Rg4 {[%emt 0:03:50]} 49. Qf3 {[%emt 0:00:48]} R4g6 {[%emt 0:05:10]} 50. Qe2 {[%emt 0:01:05]} Kg8 {[%emt 0:01:01]} 51. Qf3 {[%emt 0:00:41]} Kf7 {[%emt 0:00:12]} 52. Qe2 {[%emt 0:01:54]} Ke8 {[%emt 0:00:07]} 53. Qf3 {[%emt 0:01:14]} Rg8 {[%emt 0:00:13]} 54. Qe2 {[%emt 0:00:39]} Kd7 {[%emt 0:00:06]} 55. Qf3 {[%emt 0:00:54]} Qe7 {[%emt 0:00:10]} 56. Qe2 {[%emt 0:00:05]} Qg7 {[%emt 0:00:05]} 57. Qf3 {[%emt 0:01:03]} Kc7 {[%emt 0:00:05]} 58. Qe2 {[%emt 0:00:13]} h5 {[%emt 0:00:42]} 59. Qf3 {[%emt 0:03:16]} h4 {[%emt 0:00:11]} 60. Kh1 {[%emt 0:00:27]} Kb8 {[%emt 0:00:55]} 61. Qe2 {[%emt 0:01:11]} Qh7 {[%emt 0:02:01]} 62. Kh2 {[%emt 0:01:03]} Rg3 {[%emt 0:00:18]} 63. Kh1 {[%emt 0:00:06]} R3g6 {[%emt 0:01:26]} 64. Kh2 {[%emt 0:01:10]} R8g7 {[%emt 0:00:08]} 65. Kh1 {[%emt 0:00:25]} Qg8 {[%emt 0:00:07]} 66. Qf3 1/2-1/2

[Event "HUN-ch U8-U18 2019"]
[Site "Balatonlelle"]
[Date "2019.06.26"]
[Round "7.15"]
[White "Vanczak, Tamas"]
[Black "Bohus, Adam"]
[Result "1/2-1/2"]
[WhiteElo "2311"]
[BlackElo "2196"]
[Annotator "TA"]
[PlyCount "95"]
[EventDate "2019.06.21"]
[EventType "swiss"]
[EventCountry "HUN"]
[SourceTitle "playchess.com"]
[Source "ChessBase"]
[SourceQuality "1"]

{[%evp 11,95,-4,26,22,22,25,21,6,22,-3,25,4,18,2,38,41,59,39,73,60,66,70,114,34,56,16,51,27,44,44,29,26,43,32,59,44,57,39,38,10,18,13,14,0,0,-6,0,-16,0,-4,12,0,0,0,-1,-24,-14,-18,-14,-20,-7,-7,0,-5,-13,-81,-38,-38,-38,-38,-38,-38,-38,-38,-40,-40,-44,-99,-68,-68,-68,-68,0,0,0,-68]} 1. d4 d5 2. Bf4 Nf6 3. e3 c5 4. c3 Nc6 5. Nd2 e6 6. Ngf3 cxd4 7. exd4 {D02: 1 d4 d5 2 Nf3 sidelines, including 2...Nf6 3 g3 and 2...Nf6 3 Bf4} Nh5 8. Be3 (8. Bg5 f6 9. Be3 Bd6 10. g3 O-O 11. Nh4 g6 12. Be2 Ng7 13. O-O e5 14. dxe5 fxe5 {½-½ (59) Aronian,L (2767)-Nakamura,H (2777) chess.com INT 2018}) 8... Bd6 9. Ne5 g6 10. Nd3 f6 11. g4 Ng7 12. Bg2 Qc7 13. h3 $146 ({Predecessor:} 13. c4 dxc4 14. Nxc4 Be7 {1-0 (48) Zhalmakhanov,R (2316)-Kreutzmann,D (2049) Konya 2018}) 13... Ne7 14. Rc1 Qb8 15. c4 O-O 16. O-O Bd7 17. c5 (17. Bh6 $16) 17... Bc7 18. f4 Bc6 19. a4 a5 20. b3 b5 21. cxb6 Bxb6 22. Nc5 Rc8 23. Qe2 Qd6 24. Rc2 Be8 25. Kh1 Nc6 26. Nf3 Ra7 27. Nd3 Rac7 28. Rfc1 Qa3 29. Ra2 Qd6 30. Rac2 Nb4 (30... Qe7 {with more complications.} 31. Bf1 Bf7 32. Qd2 Ne8 33. g5 Qd8) 31. Nxb4 Qxb4 32. Rxc7 Rxc7 33. Rxc7 Bxc7 34. Qc2 Qb8 35. Qc3 h5 36. g5 fxg5 37. fxg5 Nf5 {...Ng3+ is the strong threat.} 38. Ne5 (38. Bf2 $11 {remains equal.}) 38... Ng3+ 39. Kh2 Ne2 40. Qb2 Bxe5+ 41. dxe5 {[#]} d4 $1 {[%mdl 512]} 42. Bxd4 Nxd4 43. Qxd4 Qxb3 44. Qd6 ({White should play} 44. Qd8 $15 Qxa4 45. Be4) 44... Qc4 45. Qe7 Qf4+ 46. Kh1 Qc1+ (46... Qxa4 $5 {[%cal Ra4a1]} 47. Qxe6+ Bf7 $17) 47. Kh2 Qf4+ {[%mdl 64] [#] Double Attack} 48. Kh1 {Accuracy: White = 52%, Black = 42%.} 1/2-1/2

[Event "HUN-ch U8-U18 2019"]
[Site "Balatonlelle"]
[Date "2019.06.26"]
[Round "7.15"]
[White "Juhasz, Agoston"]
[Black "Onodi, Tamas"]
[Result "1-0"]
[WhiteElo "2161"]
[BlackElo "1684"]
[Annotator "TA"]
[PlyCount "67"]
[EventDate "2019.06.21"]
[EventType "swiss"]
[EventCountry "HUN"]
[SourceTitle "playchess.com"]
[Source "ChessBase"]
[SourceQuality "1"]

{[%evp 20,67,44,36,41,27,64,68,80,57,53,33,105,28,103,114,104,93,118,125,131,52,97,97,106,101,113,113,110,110,142,142,141,135,220,222,320,321,549,475,868,383,374,375,444,458,428,357,353,355]} 1. e4 c5 2. Nf3 Nc6 3. d4 cxd4 4. Nxd4 g6 5. c4 Nf6 6. Nc3 Nxd4 7. Qxd4 d6 8. Bg5 Bg7 9. Qd2 O-O 10. Bd3 Be6 11. O-O Nd7 {B36: Sicilian: Maroczy Bind: Gurgenidze System} 12. f4 $146 {[#] aiming for f5.} ({Predecessor:} 12. Rac1 a5 13. b3 Nc5 14. Bb1 Re8 15. Be3 Bd7 16. f4 Bc6 17. f5 e6 18. Bd4 Bxd4+ 19. Qxd4 exf5 20. exf5 {0-1 (38) Vovsha,E (2488)-Perelshteyn,E (2536) ICC INT 2008}) 12... f6 13. Bh4 Nc5 {White is slightly better.} 14. Kh1 Rc8 15. b3 Rf7 (15... f5 $14) 16. Rae1 ({Better is} 16. f5 $16 Bd7 17. Bc2) 16... Qa5 (16... Nxd3 $11 17. Qxd3 Bd7) 17. f5 $16 Bd7 18. Qc2 g5 19. Bf2 Bc6 20. Nd5 (20. Be2 $16) 20... Bxd5 21. exd5 g4 22. Bxc5 Qxc5 23. Re4 h5 24. Qe2 {h3 is the strong threat.} Bf8 25. h3 Rh7 26. g3 Kh8 (26... Rc7 $16 27. Kg2 (27. hxg4 h4 $16) 27... gxh3+ 28. Kxh3 Qb4) 27. hxg4 $18 h4 (27... Bh6 $142 28. gxh5 Rg7) 28. gxh4 Rxh4+ $2 (28... Bh6 29. Rxe7 Rxe7 30. Qxe7 {[%mdl 64] Double Attack} Qd4) 29. Kg2 {Strongly threatening g5!} Qa5 {[#]} (29... Rh7 $142 30. g5 Qa3) 30. Rh1 (30. g5 $142 $1 {[%mdl 512]} Rxe4 (30... fxg5 31. Rxh4+) 31. Rh1+ (31. Qxe4 Qd2+ 32. Kh3 Qxg5 $14) 31... Kg8 32. Qxe4 Qd2+ 33. Kf3 Qxg5 34. Qe6+ {[%mdl 64] Double Attack} Kg7 35. Qxc8) 30... Rxh1 31. Kxh1 {And now g5! would win.} Qa3 32. Qd2 Rc7 33. Re2 b5 34. g5 {Accuracy: White = 59%, Black = 19%.} 1-0

[Event "HUN-ch U8-U18 2019"]
[Site "Balatonlelle"]
[Date "2019.06.26"]
[Round "7.16"]
[White "Miszler, Levente"]
[Black "Kovacs, Gabor Etele"]
[Result "1-0"]
[WhiteElo "2041"]
[BlackElo "2062"]
[Annotator "NA RC"]
[PlyCount "205"]
[EventDate "2019.06.21"]
[EventType "swiss"]
[EventCountry "HUN"]
[SourceTitle "playchess.com"]
[Source "ChessBase"]
[SourceQuality "1"]
[TimeControl "40/5400+30:1800+30"]

1. Nf3 {[%emt 0:00:03]} d5 {[%emt 0:00:14]} 2. c4 {[%emt 0:00:06]} e6 {[%emt 0:00:07]} 3. g3 {[%emt 0:00:07]} Nf6 {[%emt 0:00:16]} 4. Bg2 {[%emt 0:00:08]} Be7 {[%emt 0:00:30]} 5. O-O {[%emt 0:00:14]} O-O {[%emt 0:00:13]} 6. d4 {[%emt 0:00:17]} c6 {[%emt 0:00:19]} 7. b3 {[%emt 0:00:26]} Nbd7 {[%emt 0:00:57]} 8. Nc3 {[%emt 0:00:30]} b6 {[%emt 0:00:21]} 9. Qc2 {[%emt 0:02:35]} Ba6 {[%emt 0:03:53]} 10. Nd2 {[%emt 0:03:34]} Rc8 {[%emt 0:00:18]} 11. e4 {[%emt 0:04:13]} dxe4 {[%emt 0:23:38]} 12. Ndxe4 {[%emt 0:01:49]} Nxe4 {[%emt 0:00:12]} 13. Nxe4 {[%emt 0:00:18]} Nf6 {[%emt 0:00:29]} 14. Bb2 {[%emt 0:01:06]} Qc7 {[%emt 0:05:07] E07: Closed Catalan: Main Line (5 Nf3 0-0 6 0-0 Nbd7)} 15. Rad1 {[%emt 0:08:57]} Rfd8 {[%emt 0:02:51]} 16. Rfe1 {[%emt 0:01:40]} h6 {[%emt 0:03:33]} 17. Bc1 {[%emt 0:03:54]} (17. Qe2 Nxe4 18. Qxe4 Bf6 19. Bc1 Rd7 20. Bf4 Qd8 21. Be5 Bb7 22. Qc2 {½-½ (35) Ionov,S (2553)-Shaposhnikov,E (2494) Moscow 1999}) 17... Nxe4 $146 {[%emt 0:05:47]} ({Predecessor:} 17... Rd7 18. Bf4 Qd8 19. Nxf6+ Bxf6 20. Be5 Bb7 21. c5 Bxe5 22. dxe5 Rd4 23. Bf3 b5 24. Qc3 Rxd1 25. Rxd1 Qc7 26. Rd6 Qe7 27. Qd3 {1-0 (27) Da Costa,A-Galvez Ponziano,R CADAP email 2002}) 18. Qxe4 {[%emt 0:02:45]} Bf6 {[%emt 0:01:04]} 19. Bf4 {[%emt 0:03:23]} Qe7 {[%emt 0:02:07]} 20. d5 {[%emt 0:06:19]} cxd5 {[%emt 0:00:11]} 21. cxd5 {[%emt 0:00:06]} Qd7 {[%emt 0:04:24]} 22. Bh3 {[%emt 0:10:24]} Bb7 {[%emt 0:07:53]} 23. dxe6 {[%emt 0:06:20]} Qxd1 {[%emt 0:01:09]} 24. exf7+ {[%emt 0:00:19]} Kf8 {[%emt 0:07:13]} 25. Qe8+ {[%emt 0:04:28]} Rxe8 {[%emt 0:00:11]} 26. fxe8=Q+ {[%emt 0:00:11]} Rxe8 {[%emt 0:00:08]} 27. Rxd1 {[%emt 0:00:07]} Re2 {[%emt 0:00:36]} 28. a4 {[%emt 0:16:47]} Bf3 {[%emt 0:09:00]} 29. Bf1 {[%emt 0:06:38]} Rb2 {[%emt 0:05:07]} 30. Rd3 {[%emt 0:01:53]} Be4 {[%emt 0:00:41]} 31. Bd6+ {[%emt 0:01:35]} Kf7 {[%emt 0:00:32]} 32. Rd1 {[%emt 0:01:32]} Bc2 {[%emt 0:05:55]} 33. Bc4+ {[%emt 0:01:06]} Ke8 {[%emt 0:00:02]} 34. Re1+ {[%emt 0:02:50]} Kd7 {[%emt 0:00:04]} 35. Ba3 {[%emt 0:00:24]} Ra2 {[%emt 0:04:17]} 36. Bc1 {[%emt 0:01:43]} Ra1 {[%emt 0:02:07]} 37. Bd2 {[%emt 0:01:52]} Ra2 {[%emt 0:02:10]} 38. Bc1 {[%emt 0:02:38]} Ra1 {[%emt 0:02:23]} 39. Kf1 {[%emt 0:00:55]} Bc3 {[%emt 0:00:29]} 40. Bd2 {[%emt 0:00:00]} Rxe1+ {[%emt 0:00:00]} 41. Bxe1 {[%emt 0:01:55]} Bd4 {[%emt 0:02:17]} 42. Ke2 {[%emt 0:00:25]} Kc6 {[%emt 0:00:13]} 43. Kd2 {[%emt 0:01:33]} Bf5 {[%emt 0:00:41]} 44. Bd3 {[%emt 0:01:01]} Be6 {[%emt 0:00:23]} 45. Kc2 {[%emt 0:00:19]} a5 {[%emt 0:01:13]} 46. Bc3 {[%emt 0:05:41]} Bxf2 {[%emt 0:10:17]} 47. Bxg7 {[%emt 0:00:28]} Bg1 {[%emt 0:10:11]} 48. Bxh6 {[%emt 0:01:18]} Bxh2 {[%emt 0:01:28]} 49. Be4+ {[%emt 0:01:24]} Kc5 {[%emt 0:02:37]} 50. Bf4 {[%emt 0:03:18]} b5 {[%emt 0:01:36]} 51. Be3+ {[%emt 0:06:00]} Kb4 {[%emt 0:00:09]} 52. Bd2+ {[%emt 0:01:01]} Kc5 {[%emt 0:02:56]} 53. axb5 {[%emt 0:01:55]} Kxb5 {[%emt 0:00:15]} 54. Be1 {[%emt 0:01:49]} Bd7 {[%emt 0:03:14]} 55. Bd3+ {[%emt 0:01:01]} Kc5 {[%emt 0:00:30]} 56. Kb2 {[%emt 0:03:15]} ({Much weaker is} 56. Bxa5 Bxg3 57. Kd2 Bf4+ 58. Kc2 Be6 $11) 56... Kd4 {[%emt 0:01:04]} 57. Ba6 {[%emt 0:01:52]} Kc5 {[%emt 0:00:47]} 58. Bf1 {[%emt 0:01:54]} Kb6 {[%emt 0:00:20]} 59. Bf2+ {[%emt 0:00:18]} Kc6 {[%emt 0:00:21]} 60. Kc3 {[%emt 0:01:40]} Be6 {[%emt 0:00:31]} 61. Bc4 {[%emt 0:00:58]} Bf5 {[%emt 0:00:31]} 62. Kd4 {[%emt 0:00:34]} Bc2 {[%emt 0:00:39]} 63. Kc3 {[%emt 0:00:47]} ({White should play} 63. g4 $16) 63... Bf5 {[%emt 0:00:02]} 64. Bf7 {[%emt 0:02:18]} Bg4 {[%emt 0:00:42]} 65. Be8+ {[%emt 0:01:02]} Kd5 {[%emt 0:00:05]} 66. Kd3 {[%emt 0:00:27]} Bf5+ {[%emt 0:00:11]} 67. Ke3 {[%emt 0:01:37]} Bc2 $18 {[%emt 0:00:05]} (67... Be6 $14) 68. Ba4 {[%emt 0:00:27]} Bd1 {[%emt 0:00:20]} 69. Kf4 {[%emt 0:01:03]} Bc2 {[%emt 0:03:18]} 70. Kg4 {[%emt 0:01:46]} Ke4 {[%emt 0:00:32]} 71. Kh3 {[%emt 0:00:19]} Kf3 {[%emt 0:00:16]} 72. Be1 {[%emt 0:01:07]} Bg1 {[%emt 0:01:03]} 73. Bxa5 {[%emt 0:00:17]} Bf5+ {[%emt 0:00:38]} 74. Kh4 {[%emt 0:00:14]} Bd4 {[%emt 0:00:18]} 75. Bc6+ {[%emt 0:00:21]} Kf2 {[%emt 0:00:11]} 76. g4 {[%emt 0:00:30]} Be6 {[%emt 0:00:32]} 77. b4 {[%emt 0:00:30]} Bxg4 {[%emt 0:00:59]} 78. Kxg4 {[%emt 0:00:09]} Bc3 {[%emt 0:00:00]} 79. Bb6+ {[%emt 0:00:12]} Ke2 {[%emt 0:00:06]} 80. b5 {[%emt 0:00:04]} Kd3 {[%emt 0:00:02]} 81. Kf5 {[%emt 0:00:11]} Kc4 {[%emt 0:00:01]} 82. Ke6 {[%emt 0:00:11]} Bd2 {[%emt 0:00:11]} 83. Kd7 {[%emt 0:00:13]} Bc3 {[%emt 0:00:08]} 84. Bg1 {[%emt 0:00:31]} Ba5 {[%emt 0:00:01]} 85. b6 {[%emt 0:00:16]} Bxb6 {[%emt 0:00:02]} 86. Bxb6 {[%emt 0:00:07]} Kb4 {[%emt 0:00:01]} 87. Kd6 {[%emt 0:00:08]} Kc4 {[%emt 0:00:04]} 88. Ke5 {[%emt 0:00:09]} Kb4 {[%emt 0:00:03]} 89. Kd4 {[%emt 0:00:11]} Kb3 {[%emt 0:00:04]} 90. Bd5+ {[%emt 0:00:41]} Kc2 {[%emt 0:00:01]} 91. Ba5 {[%emt 0:00:14]} Kb2 {[%emt 0:00:06]} 92. Bb4 {[%emt 0:00:16]} Kc2 {[%emt 0:00:05]} 93. Bc4 {[%emt 0:00:41]} Kb2 {[%emt 0:00:06]} 94. Kd3 {[%emt 0:00:12]} Kc1 {[%emt 0:00:02]} 95. Bc3 {[%emt 0:01:30]} Kd1 {[%emt 0:00:11]} 96. Bb3+ {[%emt 0:00:48]} Kc1 {[%emt 0:00:02]} 97. Be5 {[%emt 0:00:27]} Kb1 {[%emt 0:00:09]} 98. Kc3 {[%emt 0:00:42]} Kc1 {[%emt 0:00:12]} 99. Bf4+ {[%emt 0:00:26]} Kb1 {[%emt 0:00:02]} 100. Bc4 {[%emt 0:00:35]} Ka1 {[%emt 0:00:05]} 101. Kb3 {[%emt 0:00:12]} Kb1 {[%emt 0:00:06]} 102. Bd3+ {[%emt 0:00:06]} Ka1 {[%emt 0:00:03]} 103. Be5# {[%emt 0:00:04]} 1-0

[Event "HUN-ch U8-U18 2019"]
[Site "Balatonlelle"]
[Date "2019.06.26"]
[Round "7.16"]
[White "Kovacs, Patrik Zsolt"]
[Black "Szoke, Kristof"]
[Result "1-0"]
[WhiteElo "1903"]
[BlackElo "1583"]
[Annotator "NA RC"]
[PlyCount "57"]
[EventDate "2019.06.21"]
[EventType "swiss"]
[EventCountry "HUN"]
[SourceTitle "playchess.com"]
[Source "ChessBase"]
[SourceQuality "1"]
[TimeControl "40/5400+30:1800+30"]

1. d4 {[%emt 0:00:01]} d5 {[%emt 0:00:11]} 2. c4 {[%emt 0:00:06]} e6 {[%emt 0:00:06]} 3. Nf3 {[%emt 0:00:07]} Nf6 {[%emt 0:00:31]} 4. Nc3 {[%emt 0:00:07]} c5 {[%emt 0:00:18]} 5. Bg5 {[%emt 0:00:21]} cxd4 {[%emt 0:02:37]} 6. Nxd4 {[%emt 0:00:52]} Nbd7 {[%emt 0:01:38]} 7. cxd5 {[%emt 0:00:43]} exd5 {[%emt 0:00:09]} 8. Nf3 {[%emt 0:00:08]} Bb4 {[%emt 0:02:08]} 9. Bxf6 {[%emt 0:08:47]} Nxf6 {[%emt 0:01:49]} 10. Qa4+ {[%emt 0:01:31]} Bd7 {[%emt 0:02:25]} 11. Qxb4 {[%emt 0:00:07]} Bc6 {[%emt 0:01:14]} 12. e3 {[%emt 0:00:44]} a5 {[%emt 0:01:03]} 13. Qd4 {[%emt 0:01:14]} O-O {[%emt 0:00:40]} 14. Be2 {[%emt 0:00:21]} Ne4 {[%emt 0:00:50]} 15. Nxe4 {[%emt 0:02:33]} dxe4 {[%emt 0:00:10]} 16. Qxd8 {[%emt 0:00:07]} Raxd8 {[%emt 0:00:10]} 17. Nd4 {[%emt 0:00:06]} Bd7 {[%emt 0:00:51]} 18. O-O {[%emt 0:00:14]} Rc8 {[%emt 0:00:32]} 19. Rac1 {[%emt 0:00:11]} f5 {[%emt 0:01:49]} 20. Bb5 {[%emt 0:00:24]} Bxb5 {[%emt 0:00:30]} 21. Nxb5 {[%emt 0:00:11]} g6 {[%emt 0:00:52]} 22. Rfd1 {[%emt 0:00:25]} Rfd8 {[%emt 0:00:20]} 23. Rxd8+ {[%emt 0:00:24]} Rxd8 {[%emt 0:00:06]} 24. Nd4 {[%emt 0:00:09]} Rd7 {[%emt 0:00:20]} 25. Kf1 {[%emt 0:00:06]} f4 {[%emt 0:00:12]} 26. Ke2 {[%emt 0:00:16]} fxe3 {[%emt 0:00:56]} 27. Kxe3 {[%emt 0:00:14]} Re7 {[%emt 0:00:16]} 28. Rc5 {[%emt 0:00:53]} Kf7 {[%emt 0:00:18]} 29. Rxa5 {[%emt 0:00:58]} 1-0

[Event "HUN-ch U8-U18 2019"]
[Site "Balatonlelle"]
[Date "2019.06.26"]
[Round "7.17"]
[White "Acs, Marton"]
[Black "Horvath, Balazs"]
[Result "1-0"]
[WhiteElo "2138"]
[BlackElo "2139"]
[Annotator "TA"]
[PlyCount "59"]
[EventDate "2019.06.21"]
[EventType "swiss"]
[EventCountry "HUN"]
[SourceTitle "playchess.com"]
[Source "ChessBase"]
[SourceQuality "1"]

{[%evp 14,59,37,35,66,59,54,32,66,22,114,97,152,128,155,120,114,115,120,116,201,195,265,242,302,304,408,240,320,309,636,587,549,535,535,542,777,768,746,684,766,751,2014,1958,1947,1946,29995,29996]} 1. Nf3 Nf6 2. g3 g6 3. Bg2 Bg7 4. O-O O-O 5. d4 d5 6. c4 c6 7. Qb3 b6 8. Nc3 Na6 $146 {D73: Fianchetto Grünfeld: 5 Nf3} ({Predecessor:} 8... Bb7 9. Bf4 e6 10. a4 a5 11. cxd5 exd5 12. Ne5 Na6 13. Rfd1 Nh5 14. Be3 Nb4 15. Rac1 Qd6 16. Na2 {0-1 (46) Sandipan,C (2628)-Sasikiran,K (2700) Moscow 2012}) 9. Ne5 Bb7 10. Rd1 Rc8 {White is slightly better.} 11. e4 e6 (11... Nxe4 $11 {remains equal.} 12. Nxe4 dxe4) 12. Bg5 $16 dxc4 ({Better is} 12... Qe8) 13. Nxc4 {[#] e5 is the strong threat.} ({Don't play} 13. Qxc4 $6 h6 $16) 13... Qd7 14. Bh3 h6 15. Bf4 g5 16. Be5 g4 (16... Ne8 $16) 17. Bf1 $18 h5 (17... Rcd8 {is a better defense.} 18. Bd6 Rfe8) 18. Nd6 Ra8 19. Qa3 Nb8 20. Ne2 (20. Bxf6 $142 Bxf6 21. e5) 20... Ne8 21. Nf4 f6 $2 (21... Nxd6 22. Bxd6 Rd8) 22. Bc4 Nc7 23. Nxe6 Nxe6 24. Qb3 Kh7 25. Bxe6 Qe7 26. Nf5 Qd8 27. Bd6 Rh8 28. Ne7 {[#] White threatens Bf5+ and mate.} Bh6 29. e5 {Qd3+ would kill now.} Re8 30. Qd3+ {Accuracy: White = 74%, Black = 17%.} 1-0

[Event "HUN-ch U8-U18 2019"]
[Site "Balatonlelle"]
[Date "2019.06.26"]
[Round "7.17"]
[White "Tran, David"]
[Black "Tancsa, Tamas"]
[Result "1-0"]
[WhiteElo "2078"]
[BlackElo "2158"]
[Annotator "TA"]
[PlyCount "93"]
[EventDate "2019.06.21"]
[EventType "swiss"]
[EventCountry "HUN"]
[SourceTitle "playchess.com"]
[Source "ChessBase"]
[SourceQuality "1"]

{[%evp 10,93,29,7,43,48,35,14,19,-11,-11,-19,-29,-34,-24,-51,44,39,50,43,97,96,96,80,94,87,88,84,88,82,119,116,162,164,164,155,150,139,130,115,229,175,220,219,237,212,214,0,237,248,310,316,339,338,343,341,341,347,354,345,357,360,609,598,755,764,772,759,823,795,1690,1652,2078,1793,5942,5938,5838,5706,5033,2022,29981,29982,29982,29983,29991,29992]} 1. e4 e5 2. Nf3 Nc6 3. Bc4 Nf6 4. d3 h6 5. Nc3 d6 6. h3 g5 {C55: Two Knights: 4 d3, 4 d4 exd4 5 e5 and Max Lange Attack} (6... Be7 7. O-O O-O 8. Ne2 {½-½ (8) Benidze,D (2487)-Paichadze,L (2564) Poti 2018}) 7. Be3 Bg7 8. g4 Be6 $146 {The position is equal.} ({Predecessor:} 8... Qe7 9. Qd2 Be6 10. Bxe6 Qxe6 11. O-O-O d5 12. exd5 Nxd5 13. Rhe1 O-O-O 14. a3 {1-0 (46) Weber,A-Krause,J Oberbernhards 2004}) 9. Bxe6 fxe6 10. d4 exd4 11. Nxd4 Nxd4 12. Bxd4 e5 (12... O-O $15) 13. Be3 $14 Qd7 14. Qd3 Qc6 ({Black should play} 14... a6 $14) 15. f3 $16 a6 16. O-O-O O-O-O 17. h4 gxh4 18. Rxh4 Kb8 19. Qd2 Ng8 20. Rdh1 Qe8 21. g5 h5 {[#]} 22. Qh2 $1 Qf7 23. Qh3 Ne7 24. Rxh5 d5 (24... Rhf8 $16 {was necessary.}) 25. exd5 ({Worse is} 25. Rxh8 Rxh8 26. Qxh8+ Bxh8 $11) 25... Rxh5 26. Qxh5 Qf5 27. Qh3 Qf7 28. Qh5 Qf5 29. Rd1 Rf8 30. Bc5 Rh8 31. Qg4 Qxg4 32. fxg4 Ng6 33. d6 cxd6 34. Rxd6 ({Don't take} 34. Bxd6+ Kc8 $18) 34... Nf4 35. Rd7 Rh1+ $2 {[#]} (35... Ne6 36. Ne4 Bf8) 36. Kd2 $18 Rh2+ 37. Ke3 Ne6 38. Bd6+ Kc8 39. Re7 Bf8 40. Rxe6 Kd7 41. Bxf8 Kxe6 42. g6 Rh3+ 43. Kf2 Rh2+ 44. Kg3 Rxc2 45. g7 {White mates.} Kf7 46. Nd5 Rc6 47. Ne7 {Accuracy: White = 81%, Black = 40%.} 1-0